12 Rukun Kerja Berpasukan

Bibliographic Details
Main Author: Rahmat Ismail
Format: Book
Published: Kuala Lumpur : Utusan Publications & Distributors Sdn.Bhd. , 2006
Subjects:

MARC

LEADER 00000cam a2200000 7i4500
001 0000057724
005 20070904.0
008 070904s2006
020 |a 96761181325 
090 0 0 |a 658.402 RAH 
100 1 |a Rahmat Ismail 
245 0 0 |a 12 Rukun Kerja Berpasukan   |c Rahmat Ismail 
260 |a Kuala Lumpur :   |b Utusan Publications & Distributors Sdn.Bhd. ,   |c 2006 
300 |a 205p. ;   |c 22cm. 
650 0 0 |a Teams In The Workplace 
999 |a 285979   |b Buku   |c Rak Terbuka   |e Perbadanan Perpustakaan Awam Melaka 
999 |a 285981   |b Buku   |c Rak Terbuka   |e Perpustakaan Cawangan Masjid Tanah 
999 |a 285982   |b Buku   |c Rak Terbuka   |e Perpustakaan Cawangan Merlimau 
999 |a 285983   |b Buku   |c Rak Terbuka   |e Perpustakaan Cawangan Jasin 
999 |a 285984   |b Buku   |c Rak Terbuka   |e Perbadanan Perpustakaan Awam Melaka